000 07028nam a22015377a 4500
003 AR-RoUNA
005 20250606121237.0
008 250326b |||||||| |||| 00| 0 spa d
020 _a987-95087-7-7
040 _aAR-RoUNA
_dAR-RoUNA
041 _aspa
044 _aag
110 2 _aUniversidad Nacional de La Plata. Facultad de Ciencias Agrarias y Forestales.
_b Fundación Biosfera.
_926996
245 _aPlaneamiento paisajista y medio ambiente.
_bCurso de Perfeccionamiento de Nivel Superior.
246 _aSistemas: Aprendizaje Autónomo a Distancia. Módulo 8
260 _aLa Plata (Argentina) :
_bFundación Biosfera,
_c1995.
300 _a189 p.
_bdib.
_c21x25 cm.
505 0 _tINDICE
505 0 _tARBOLADO URBANO
505 0 _aMotivos del arbolado. p.7
505 0 _aFunciones del árbol. p.7
505 0 _aElección de especies. p.8
505 0 _aPlantación. p.9
505 0 _aCaracterísticas de las plantas y su plantación. p.9
505 0 _aPoda. p.10
505 0 _aErradicación. p.11
505 0 _aArboles para veredas. p.12
505 0 _aArboles para avenidas y ramblas. p.12
505 0 _aArbustos en el arbolado urbano. p.13
505 0 _tARBOLADO EN RUTAS Y CAMINOS
505 0 _aGeneralidades. p.17
505 0 _aFunción de las plantaciones. p.19
505 0 _aApertura de la traza. p.19
505 0 _aRecorrido de la traza. p.20
505 0 _aÁreas de plantación. p.20
505 0 _aDensidad de plantación. p.20
505 0 _aOrdenamiento de las especies. p.21
505 0 _aElección de especies y características. p.22
505 0 _aCurvas. p.22
505 0 _aRectas prolongadas. p.22
505 0 _aAccesos y cruces. p.23
505 0 _aRotondas. p.23
505 0 _aNeblinas. p.23
505 0 _aCiudades con autopistas. p.24
505 0 _aBosquecillos de descanso. p.24
505 0 _aMantenimientos. p.25
505 0 _tPARQUES PRIVADOS - ESTRUCTURACION Y PROPOSITOS
505 0 _aParque privados. p.31
505 0 _aCuando el predio es alargado y estrecho. p.32
505 0 _aCuando el terreno es poco profundo. p.32
505 0 _tCASCOS AGROPECUARIOS - CARACTERISTICAS
505 0 _tBASES Y NORMAS PARA LA CONSTRUCCION DE CANCHAS DEPORTIVAS. CARACTERISTICAS DE LOS PISOS. CAMPOS DE GOLF
505 0 _tA- Pisos naturales. Césped. p.46
505 0 _aCampos de alta complejidad. p.46
505 0 _aFactores de influencia. p.46
505 0 _aClima. p.46
505 0 _aSuelo. p.47
505 0 _aDrenajes. p.48
505 0 _aRiesgo. p.49
505 0 _aCésped. p.49
505 0 _aCampos de golf. p.54
505 0 _aCampos de pollo e hipódromos. p.63
505 0 _aTennis. p.63
505 0 _aCampos de mediana complejidad. p.63
505 0 _aCampos de uso general. p.63
505 0 _tB- Canchas artificiales. p.64
505 0 _aMateriales porosos. p.64
505 0 _aTierra estabilizada. p.64
505 0 _aSintéticos y resinas. p.65
505 0 _aMadera. p.65
505 0 _tPLANIFICACION Y ORGANIZACION DE LAS OBRAS PAISAJISTAS. ACTUACION PROFESIONAL
505 0 _aIntroducción. p.69
505 0 _aDesempeño profesional. p.70
505 0 _aEstudios y trabajos en que interviene: Profesión liberal. p.70 En relación de dependencia. p.70 Ministerios. Universidad. Organismos descentralizados. Municipios. Empresas. Privadas.
505 0 _aVariedad de obras y estudios. p.71
505 0 _aOrganización de obras. p.73
505 0 _aOrdenamiento. p.74
505 0 _tPLAGAS Y ENFERMEDADES
505 0 _aSomera clasificación de agentes zoológicos. p.79
505 0 _aNematodos. p.80
505 0 _aÁcaros. p.82
505 0 _aHemípteros. p.84
505 0 _aTisanópteros. p.85
505 0 _aOrtopteros. p.86
505 0 _aHomopteros. p.88
505 0 _aLepidópteros. p.93
505 0 _aDípteros. p.96
505 0 _aHimenópteros. p.98
505 0 _aColeópteros. p.100
505 0 _aMoluscos. p.102
505 0 _aCrustáceos. p.102
505 0 _aCatálogos de plagas en especies ornamentales. p.103
505 0 _aEnfermedades en plantas ornamentales. p.110
505 0 _tMALEZAS Y PLANTAS TOXICAS. TERAPEUTICA BASICA
505 0 _aLas malezas en los céspedes. p.123
505 0 _aMalezas comunes. p.123
505 0 _aMalezas argentinas. p.123
505 0 _aMalezas en céspedes deportivos y puros. p.129
505 0 _aControl de malezas. p.130
505 0 _aDaños más visibles provocados por malezas. p.130
505 0 _aAlgunas malezas. p.131
505 0 _aAlgunas semillas de malezas que pueden aparecer en las mezclas. p.137
505 0 _aPantas tóxicas para ganado. p.140
505 0 _aTerapéutica básica. p.143
505 0 _tPRACTICAS DE VIVIERO
505 0 _aIntroducción. p.151
505 0 _aAlmacigueras. p.152
505 0 _aInvernáculos. p.152
505 0 _aSombránculos. p.153
505 0 _aPropagación de plantas. p.153
505 0 _aMultiplicación por renuevos. p.163
505 0 _tNOCIONES GENERALES DE DERECHO. LESGILACIÓN PROTECTORA DEL PAISAJE Y ESPACIOS VERDES
505 0 _aI- Introducción. p.157
505 0 _aII-Nociones generales de derecho. p.170
505 0 _a 1- La norma jurídica. p.170 2- Estructura de la norma jurídica. p.171 3- La estructura jerárquica. p.173 4- Interpretación de las normas. p.175 5- Estructura jerárquica en el orden internacional. p.177
505 0 _aIII- Aspectos legales. p.179
505 0 _aIV- Leyes de trabajo. p.181
505 0 _aV- Contratos -Subcontratos. p.183
505 0 _aVI- Reglamentación de la carrera profesional y ética. p.188
505 0 _aVII- Leyes de protección de los elementos naturales, el paisaje y los espacios verdes. p.189
520 _aEsta publicación forma parte de los ocho módulos que componen el Curso de Perfeccionamiento Paisajista y Medio Ambiente, con la modalidad de tecnología Educativa y Estrategia Didáctica por Recursos Multimediales y Aprendizajes Autónomo a Distancia. Organizado por la Facultad de ciencias Agrarias y Forestales de la Universidad Nacional de La Plata y la Fundación Biosfera, dirigido por el profesor Ing. Agrónomo Ernesto P. Belli. Objetivos: 1.Caracterización del Paisaje urbano a través del arbolado de calles y avenidas. 2. Detalles urbanos condicionantes de la elección de especies.
650 _aPlanificación del paisaje
650 _aDiseño del paisaje
650 _aEcologia
650 _aEspacios verdes
651 0 _aLa Plata (Buenos Aires, Argentina)
_93182
908 _aImp
942 _2udc
_cLIB
945 _d2025-03-26
980 _65
_aMaría Machado
_83
_gGermán Grimolizzi
999 _c11876
_d11876